000 00822cam a22002531 4500
001 sa 68001164
003 DLC
005 20260227112431.0
008 710903r1964 ii a b 000 0 eng
010 _asa 68001164
025 _aPL480:I-E-9397
040 _aDLC
_cDLC
_dDLC
050 0 0 _aQD905
_b.T79 1964
100 1 _aTutton, A. E. H.
_q(Alfred Edwin Howard),
_d1864-1938.
245 1 0 _aCrystallography and practical crystal measurement,
_cby A. E. H. Tutton.
250 _a[2d ed.]
260 _aNew Delhi,
_bToday & Tomorrow's Book Agency
_c[1964]
300 _a2 v. (xvii, 1446 p.)
_billus.
_c23 cm.
350 _aRs80 per set
500 _a"Reprint second edition."
504 _aBibliographical footnotes.
505 0 _av. 1. Form and structure.--v. 2. Physical and chemical.
650 0 _aCrystallography.
999 _c77761
_d77761